| 000 | 00523nam a22001697a 4500 | ||
|---|---|---|---|
| 005 | 20251108170527.0 | ||
| 008 | 250721s1992 xx 000 0 ara d | ||
| 082 | 1 | 4 | _a801.9510964/ناظ |
| 100 | 1 | _aناظم، عبد الجليل | |
| 245 | 1 | 0 | _aنقد الشعر في المغرب الحديث / |
| 264 | 1 |
_aالدار البيضاء : _bدار توبقال للنشر، _c1992. |
|
| 300 | _a163ص. | ||
| 650 | 1 | 7 | _aالنقد الأدبي |
| 650 | 1 | 7 | _aالمغرب العربي |
| 942 |
_2ddc _cBK |
||
| 999 |
_c42697 _d42697 |
||